000 00624nam a2200253Ia 4500
005 20260121153813.0
008 008 260114s9999 xx 000 0 eng d
020 _a9780203750612
037 _aEBOOK
040 _aCRL
040 _beng
040 _cCRL
041 _2eng
041 _aeng
084 _qCRL
100 _aBhadriraju Subramanyam
_9999314
245 0 _aIntegrated Management of Insects in Stored Products
260 _bTaylor and Francis
260 _c1996
856 _uhttp://www.taylorfrancis.com/books/9780203750612
942 _cEBOOK
999 _c1566135
_d1566135